000 00822nam a2200241 i 4500
001 bg
245 0 0 _aMikotoksyny i grzyby pleśniowe :
_bzagrożenia dla człowieka i zwierząt /
_cpod red. Jana Grajewskiego.
260 _aBydgoszcz :
_bWydawnictwo Uniwersytetu Kazimierza Wielkiego,
_c2006.
300 _a201 s. :
_bil. ;
_c24 cm.
504 _aBibliogr. przy rozdz.
650 9 _aMikotoksyny
650 9 _aPleśnie
_xwpływ na zdrowie
655 _aPodręczniki akademickie
700 1 _aGRAJEWSKI, Jan.
_eRed.
020 _a8370965962
040 _cBPK
041 0 _apol
080 _a615.9:612.017:582.28](075.8)
920 _a83-7096-596-2
942 _cKS
008 s pl f |000 0 pol
999 _c53137
_d53137
856 _uhttp://koha.tu.koszalin.pl/cgi-bin/koha/opac-detail.pl?biblionumber=53137
_yKatalog online BPK